[Event "Stuttgart op"]
[Site "Ditzingen"]
[Date "2023.05.18"]
[Round "1"]
[White "Klaric, Zoran"]
[Black "Fuchs, Florian"]
[Result "0-1"]
[WhiteElo "2017"]
[BlackElo "2367"]
[PlyCount "40"]
[EventDate "2023.05.18"]
[EventType "swiss"]
[EventRounds "7"]
[EventCountry "GER"]
[SourceTitle "CBM 214 Extra"]
[Source "ChessBase"]
[SourceDate "2023.07.31"]
[SourceVersion "1"]
[SourceVersionDate "2023.07.31"]
[SourceQuality "1"]

1. Nf3 Nf6 2. g3 g6 3. Bg2 Bg7 4. 0-0 0-0 5. d3 d5 6. c4 Nc6 7. Nbd2 Re8 8. Qc2 e5 9. cxd5 Nxd5 10. Ne4 Bg4 11. Bg5 Qc8 12. Qc5 Qd7 13. Rae1 b6 14. Qc1 Nd4 15. Nxd4 exd4 16. Qc4 Be6 17. Qc2 f5 18. Nf6+ Nxf6 19. Bxa8 Rxa8 20. Rc1 c5 0-1

[Event "Oberliga Wuerttemberg 1213"]
[Site "Wuerttemberg"]
[Date "2013.03.24"]
[Round "8.7"]
[White "Klaric, Zoran"]
[Black "Schwarzburger, Lothar"]
[Result "0-1"]
[WhiteElo "1963"]
[BlackElo "2122"]
[PlyCount "78"]
[EventDate "2012.09.30"]
[EventType "team-tourn"]
[EventRounds "9"]
[EventCountry "GER"]
[SourceTitle "EXT 2019"]
[Source "ChessBase"]
[SourceDate "2018.10.10"]
[SourceVersion "1"]
[SourceVersionDate "2018.10.10"]
[SourceQuality "1"]
[WhiteTeam "Deizisau"]
[BlackTeam "Stuttgart SF II"]
[WhiteTeamCountry "GER"]
[BlackTeamCountry "GER"]

1. d4 d5 2. Nf3 e6 3. g3 Nf6 4. Bg2 Be7 5. 0-0 0-0 6. b3 c5 7. Bb2 Nc6 8. dxc5 Bxc5 9. c4 dxc4 10. bxc4 Qe7 11. e3 Rd8 12. Nfd2 Nb4 13. Bc3 e5 14. h3 Bf5 15. a3 Nc6 16. Qa4 Rac8 17. Ra2 Bd3 18. Rb2 Bxf1 19. Kxf1 Rc7 20. g4 h6 21. Ke1 Rd6 22. Bb4 Bxb4 23. axb4 a6 24. b5 axb5 25. Rxb5 Rd8 26. Nc3 Rcd7 27. Nd5 Nxd5 28. cxd5 Nb8 29. Nc4 Na6 30. e4 Qg5 31. Ne3 Rc7 32. Bf3 Qf4 33. Bd1 Nc5 34. Qc2 Nxe4 35. Qe2 Nc3 36. Qb2 Nxb5 37. Qxb5 Qd4 38. Bb3 g6 39. Kf1 Rc3 0-1

[Event "Oberliga Wuerttemberg 1011"]
[Site "Wuerttemberg"]
[Date "2011.03.13"]
[Round "7"]
[White "Klaric, Zoran"]
[Black "Mehrer, Michael"]
[Result "1-0"]
[WhiteElo "2120"]
[BlackElo "2132"]
[PlyCount "113"]
[EventDate "2010.09.26"]
[EventType "team-tourn"]
[EventRounds "9"]
[EventCountry "GER"]
[SourceTitle "EXT 2019"]
[Source "ChessBase"]
[SourceDate "2018.10.10"]
[SourceVersion "1"]
[SourceVersionDate "2018.10.10"]
[SourceQuality "1"]
[WhiteTeam "Deizisau"]
[BlackTeam "Ebersbach"]
[WhiteTeamCountry "GER"]
[BlackTeamCountry "GER"]

1. d4 Nf6 2. Nf3 g6 3. c4 d6 4. g3 Bg7 5. Bg2 0-0 6. 0-0 c6 7. Nc3 Qc7 8. e4 Nbd7 9. Re1 e5 10. h3 a5 11. Be3 Re8 12. c5 exd4 13. cxd6 Qxd6 14. Bxd4 Qc7 15. Rc1 Nh5 16. Nb5 Qb8 17. Bxg7 Nxg7 18. Nd6 Re6 19. Nxc8 Qxc8 20. Qd4 Qc7 21. Rcd1 Nf8 22. e5 Ree8 23. Qc3 Qb6 24. Ng5 Nge6 25. Ne4 Red8 26. Nd6 Qb4 27. Qf3 Rd7 28. Ne4 Re7 29. Nf6+ Kg7 30. a3 Qxb2 31. Ng4 Nd7 32. Rxd7 Rxd7 33. Qf6+ Kf8 34. Qh8+ Ke7 35. Qxa8 Qd2 36. Rf1 Nd8 37. Nf6 Rd3 38. Ne4 Qb2 39. Qxa5 Qxa3 40. Qxa3+ Rxa3 41. Rb1 b5 42. Nf6 h5 43. Rd1 Ra7 44. Rd6 c5 45. Rb6 b4 46. Bd5 Rc7 47. Bc4 Rb7 48. Rd6 Ne6 49. Bb3 Nd4 50. Bd5 Rc7 51. Rb6 c4 52. Rb8 Nf3+ 53. Bxf3 Ke6 54. Re8+ Kf5 55. Be4+ Kg5 56. Rh8 h4 57. f4# 1-0

[Event "Oberliga Wuerttemberg 1011"]
[Site "Wuerttemberg"]
[Date "2010.09.26"]
[Round "1"]
[White "Reck, Moritz"]
[Black "Klaric, Zoran"]
[Result "1-0"]
[WhiteElo "2173"]
[BlackElo "2120"]
[PlyCount "59"]
[EventDate "2010.09.26"]
[EventType "team-tourn"]
[EventRounds "9"]
[EventCountry "GER"]
[SourceTitle "EXT 2019"]
[Source "ChessBase"]
[SourceDate "2018.10.10"]
[SourceVersion "1"]
[SourceVersionDate "2018.10.10"]
[SourceQuality "1"]
[WhiteTeam "Bebenhausen"]
[BlackTeam "Deizisau"]
[WhiteTeamCountry "GER"]
[BlackTeamCountry "GER"]

1. g3 e5 2. Bg2 d5 3. d3 Nf6 4. Nd2 Nbd7 5. e4 c6 6. Ne2 Bd6 7. 0-0 0-0 8. h3 dxe4 9. dxe4 Nc5 10. f4 a5 11. f5 b6 12. g4 Ba6 13. Re1 Bc7 14. Kh1 Nfd7 15. Kh2 Qe7 16. Ng3 Rad8 17. Rg1 h6 18. Bf1 Nf6 19. Bxa6 Nxa6 20. Qe2 Nb4 21. Nf3 Qc5 22. Rg2 Qb5 23. Qxb5 cxb5 24. g5 Nh7 25. gxh6 Rd1 26. hxg7 Rfd8 27. f6 Nxa2 28. Bg5 Rxa1 29. Nf5 Nf8 30. Ne7+ 1-0

[Event "Oberliga Wuerttemberg 0910"]
[Site "Wuerttemberg"]
[Date "2010.03.07"]
[Round "7.8"]
[White "Hottes, Dieter"]
[Black "Klaric, Zoran"]
[Result "0-1"]
[WhiteElo "2064"]
[BlackElo "2029"]
[PlyCount "64"]
[EventDate "2009.10.11"]
[EventType "team-tourn"]
[EventRounds "9"]
[EventCountry "GER"]
[SourceTitle "EXT 2019"]
[Source "ChessBase"]
[SourceDate "2018.10.10"]
[SourceVersion "1"]
[SourceVersionDate "2018.10.10"]
[SourceQuality "1"]
[WhiteTeam "Stuttgart SF II"]
[BlackTeam "Deizisau"]
[WhiteTeamCountry "GER"]
[BlackTeamCountry "GER"]

1. c4 e5 2. Nc3 Nf6 3. g3 d5 4. cxd5 Nxd5 5. Bg2 Nb6 6. Nf3 Nc6 7. 0-0 Be7 8. a3 0-0 9. b4 Be6 10. d3 Nd4 11. Nd2 c6 12. e3 Nb5 13. Nxb5 cxb5 14. Nf3 f6 15. e4 Qd7 16. d4 Nc4 17. d5 Bg4 18. Qb3 Rac8 19. Nh4 Bd8 20. Kh1 Bb6 21. f3 Bh3 22. Qd3 Bd4 23. Ra2 g6 24. f4 Bxg2+ 25. Rxg2 Ne3 26. Bxe3 Rc3 27. Qd2 Rxe3 28. fxe5 Rxe4 29. exf6 Qxd5 30. h3 Qe6 31. Qd3 Rxf6 32. Rxf6 Qxh3+ 0-1

[Event "Oberliga Wuerttemberg 0910"]
[Site "Wuerttemberg"]
[Date "2010.01.10"]
[Round "5.7"]
[White "Klaric, Zoran"]
[Black "Reichert, Matthias"]
[Result "1-0"]
[WhiteElo "2029"]
[BlackElo "1898"]
[PlyCount "81"]
[EventDate "2009.10.11"]
[EventType "team-tourn"]
[EventRounds "9"]
[EventCountry "GER"]
[SourceTitle "EXT 2019"]
[Source "ChessBase"]
[SourceDate "2018.10.10"]
[SourceVersion "1"]
[SourceVersionDate "2018.10.10"]
[SourceQuality "1"]
[WhiteTeam "Deizisau"]
[BlackTeam "Schwaebisch Gmuend"]
[WhiteTeamCountry "GER"]
[BlackTeamCountry "GER"]

1. d4 Nf6 2. Nf3 g6 3. g3 Bg7 4. Bg2 0-0 5. 0-0 d6 6. c4 Nbd7 7. Nc3 e5 8. e4 exd4 9. Nxd4 Re8 10. Re1 Nc5 11. h3 a5 12. Rb1 c6 13. Bf4 Ne6 14. Nxe6 Bxe6 15. Bxd6 Bxc4 16. e5 Nd7 17. Qd4 Be6 18. Rbd1 f6 19. f4 fxe5 20. fxe5 Qb6 21. Kh2 Rad8 22. Qxb6 Nxb6 23. b3 Rd7 24. Ne4 Bd5 25. Nc5 Rf7 26. Bxd5 Nxd5 27. Kg2 b6 28. Ne4 Rf5 29. Rc1 Rc8 30. g4 Rxe5 31. Bxe5 Bxe5 32. Rcd1 Nf4+ 33. Kh1 Nxh3 34. Rd7 Rf8 35. g5 Bg7 36. Kh2 Nf4 37. Nd6 Nd3 38. Ree7 Be5+ 39. Kh1 Nc5 40. Ra7 Rd8 41. Rxe5 1-0

[Event "Oberliga Wuerttemberg 0809"]
[Site "Wuerttemberg"]
[Date "2009.03.29"]
[Round "9.6"]
[White "Klaric, Zoran"]
[Black "Denisow, Jewgeny"]
[Result "0-1"]
[WhiteElo "2021"]
[BlackElo "2078"]
[PlyCount "78"]
[EventDate "2008.10.12"]
[EventType "team-tourn"]
[EventRounds "9"]
[EventCountry "GER"]
[SourceTitle "EXT 2019"]
[Source "ChessBase"]
[SourceDate "2018.10.10"]
[SourceVersion "1"]
[SourceVersionDate "2018.10.10"]
[SourceQuality "1"]
[WhiteTeam "Deizisau"]
[BlackTeam "Schwaebisch Gmuend"]
[WhiteTeamCountry "GER"]
[BlackTeamCountry "GER"]

1. d4 Nf6 2. Nf3 e6 3. c4 c5 4. e3 cxd4 5. exd4 d6 6. Nc3 Be7 7. Bd3 b6 8. 0-0 Bb7 9. Re1 0-0 10. Bg5 Nbd7 11. Rc1 a6 12. Bb1 Re8 13. Qd3 Nf8 14. Rcd1 d5 15. cxd5 Nxd5 16. Bd2 Bd6 17. Ne5 b5 18. Ne4 f6 19. Nf3 Rc8 20. Ba5 Qd7 21. Qb3 Nf4 22. Nxd6 Qxd6 23. Be4 Bd5 24. Qe3 Bxa2 25. Ra1 Bd5 26. Nd2 N8g6 27. Qg3 Bxe4 28. Nxe4 Qxd4 29. Bc3 Qd3 30. Kh1 Red8 31. Re3 Qc4 32. h4 b4 33. b3 Qb5 34. Be1 Qf1+ 35. Kh2 Ne2 36. Rxe2 Qxe2 37. Nd6 Rb8 38. Nc4 e5 39. Ne3 Rd4 0-1

[Event "Oberliga Wuerttemberg 0809"]
[Site "Wuerttemberg"]
[Date "2009.02.01"]
[Round "6.5"]
[White "Klaric, Zoran"]
[Black "Khadempour, Farhad"]
[Result "1-0"]
[WhiteElo "2021"]
[BlackElo "2144"]
[PlyCount "91"]
[EventDate "2008.10.12"]
[EventType "team-tourn"]
[EventRounds "9"]
[EventCountry "GER"]
[SourceTitle "EXT 2019"]
[Source "ChessBase"]
[SourceDate "2018.10.10"]
[SourceVersion "1"]
[SourceVersionDate "2018.10.10"]
[SourceQuality "1"]
[WhiteTeam "Deizisau"]
[BlackTeam "Tuebingen"]
[WhiteTeamCountry "GER"]
[BlackTeamCountry "GER"]

1. d4 Nf6 2. Nf3 e6 3. c4 b6 4. g3 Ba6 5. Nbd2 Be7 6. Bg2 0-0 7. 0-0 c6 8. Qc2 d5 9. b3 Nbd7 10. Bb2 Rc8 11. Rac1 c5 12. Qb1 b5 13. cxd5 Nxd5 14. Rfd1 c4 15. e4 Nb4 16. Bf1 cxb3 17. Nxb3 Re8 18. a3 Nc6 19. d5 Ncb8 20. dxe6 fxe6 21. Bh3 Bf8 22. Rxc8 Qxc8 23. Ng5 Qc4 24. e5 g6 25. Nd2 Qc6 26. Bg2 Qb6 27. Nde4 Kg7 28. Nf6 Rd8 29. Nh5+ Kg8 30. Nxe6 Re8 31. Nxf8 Kxf8 32. Nf6 Nxf6 33. Rd6 Qc5 34. Rxf6+ Ke7 35. Qd3 Rd8 36. Rf7+ Ke8 37. Qf3 b4 38. h4 Rd3 39. Qf6 bxa3 40. e6 Rd1+ 41. Kh2 Nd7 42. exd7+ Rxd7 43. Bc6 Bc8 44. Qe6+ Kd8 45. Rxd7+ Bxd7 46. Qxd7# 1-0

[Event "Boeblingen op 25th"]
[Site "Boeblingen"]
[Date "2008.12.27"]
[Round "4"]
[White "Klaric, Zoran"]
[Black "Schmitz, Thorsten"]
[Result "0-1"]
[WhiteElo "2090"]
[BlackElo "2275"]
[PlyCount "86"]
[EventDate "2008.12.26"]
[EventType "swiss"]
[EventRounds "9"]
[EventCountry "GER"]
[SourceTitle "CBM 128 Extra"]
[Source "ChessBase"]
[SourceDate "2009.03.05"]
[SourceVersion "2"]
[SourceVersionDate "2009.03.25"]
[SourceQuality "1"]

1. d4 Nf6 2. Nf3 g6 3. c4 Bg7 4. Nc3 0-0 5. g3 d5 6. Bg2 Nc6 7. 0-0 dxc4 8. d5 Na5 9. Nd4 e5 10. Nc2 Ne8 11. Be3 Nd6 12. Bc5 b6 13. Ba3 Qd7 14. Nb4 Bb7 15. Qd2 Rfd8 16. Rad1 Re8 17. e4 Rad8 18. h4 Nb5 19. Nxb5 Qxb5 20. Qc3 c6 21. d6 Bc8 22. Bf3 Be6 23. Be2 Nb7 24. Nc2 c5 25. d7 Rxd7 26. Rxd7 Qxd7 27. Rd1 Qc6 28. Bxc4 Bxc4 29. Qxc4 b5 30. Qc3 a5 31. b4 Qxe4 32. bxc5 b4 33. f3 Qc6 34. Nxb4 axb4 35. Qxb4 Bf8 36. Rc1 Qxf3 37. Qb3 Qc6 38. Kh2 Nxc5 39. Qc4 Rc8 40. Rc3 e4 41. Bb4 Rc7 42. a3 Qf6 43. Qe2 Qe5 0-1

[Event "Oberliga Wuerttemberg 0809"]
[Site "Wuerttemberg"]
[Date "2008.10.12"]
[Round "1.7"]
[White "Klaric, Zoran"]
[Black "Eisele, Steffen"]
[Result "0-1"]
[WhiteElo "2021"]
[BlackElo "2174"]
[PlyCount "90"]
[EventDate "2008.10.12"]
[EventType "team-tourn"]
[EventRounds "9"]
[EventCountry "GER"]
[SourceTitle "EXT 2019"]
[Source "ChessBase"]
[SourceDate "2018.10.10"]
[SourceVersion "1"]
[SourceVersionDate "2018.10.10"]
[SourceQuality "1"]
[WhiteTeam "Deizisau"]
[BlackTeam "Schmiden/Cannstatt"]
[WhiteTeamCountry "GER"]
[BlackTeamCountry "GER"]

1. d4 d5 2. c4 Nc6 3. Nc3 Nf6 4. Nf3 dxc4 5. e4 Bg4 6. Be3 e6 7. Bxc4 Bb4 8. Qc2 0-0 9. Rd1 Bxf3 10. gxf3 Qe7 11. Rg1 e5 12. d5 Nd4 13. Bxd4 exd4 14. Rxd4 Qe5 15. Qd2 Qxh2 16. Qg5 Nh5 17. Rg4 f6 18. d6+ Kh8 19. Qh4 Qxh4 20. Rxh4 g6 21. d7 Bd6 22. Nb5 Be5 23. Rd2 Nf4 24. Kf1 Rfd8 25. Bf7 Kg7 26. Be8 Ne6 27. Ke2 c6 28. Nc3 h5 29. Kd1 Nc7 30. Na4 Nxe8 31. dxe8Q Rxe8 32. f4 g5 33. Rxh5 Bxf4 34. Rd7+ Kg6 35. Rhh7 Rxe4 36. Nc5 Rc4 37. Nxb7 Re8 38. Rhe7 Rxe7 39. Rxe7 Rc1+ 40. Ke2 Rc2+ 41. Ke1 Rxb2 42. a4 Bd2+ 43. Kf1 Rb4 44. Ke2 Bc3 45. Nc5 Bd4 0-1

[Event "Dresden ZMD op"]
[Site "Dresden"]
[Date "2007.07.29"]
[Round "9"]
[White "Bock, Juergen"]
[Black "Klaric, Zoran"]
[Result "1-0"]
[WhiteElo "2286"]
[BlackElo "2096"]
[PlyCount "71"]
[EventDate "2007.07.21"]
[EventType "swiss"]
[EventRounds "9"]
[EventCountry "GER"]
[SourceTitle "EXT 2008"]
[Source "ChessBase"]
[SourceDate "2007.11.25"]
[SourceVersion "1"]
[SourceVersionDate "2007.11.25"]
[SourceQuality "1"]

1. d4 Nf6 2. c4 g6 3. Nc3 d5 4. cxd5 Nxd5 5. e4 Nxc3 6. bxc3 Bg7 7. Bc4 c5 8. Ne2 Nc6 9. Be3 0-0 10. 0-0 Bg4 11. f3 Na5 12. Bd3 Bd7 13. Qd2 cxd4 14. cxd4 Rc8 15. Rac1 e6 16. Bh6 Bxh6 17. Qxh6 Qe7 18. h4 Qa3 19. Qd2 b5 20. h5 Nc4 21. Bxc4 Rxc4 22. Rxc4 bxc4 23. Rb1 Qd3 24. Qxd3 cxd3 25. Nf4 Ba4 26. Nxd3 Bc2 27. Rb7 Bxd3 28. h6 a6 29. Kf2 Rd8 30. Ke3 Bb5 31. Kf4 f6 32. Rg7+ Kf8 33. Rxh7 Rd7 34. Rh8+ Kf7 35. Kg4 Re7 36. Rh7+ 1-0

[Event "Dresden ZMD op"]
[Site "Dresden"]
[Date "2007.07.28"]
[Round "8"]
[White "Klaric, Zoran"]
[Black "Neukoetter, Max"]
[Result "1-0"]
[WhiteElo "2096"]
[BlackElo "1970"]
[PlyCount "57"]
[EventDate "2007.07.21"]
[EventType "swiss"]
[EventRounds "9"]
[EventCountry "GER"]
[SourceTitle "EXT 2008"]
[Source "ChessBase"]
[SourceDate "2007.11.25"]
[SourceVersion "1"]
[SourceVersionDate "2007.11.25"]
[SourceQuality "1"]

1. d4 f5 2. g3 g6 3. Bg2 Nf6 4. c4 Bg7 5. Nc3 d6 6. Nf3 Nc6 7. d5 Ne5 8. Nd4 Bd7 9. Qb3 Rb8 10. a4 Qc8 11. Bf4 0-0 12. c5 Kh8 13. Rd1 Nf7 14. h4 a6 15. Qa3 Nh5 16. Bf3 Nxf4 17. gxf4 e5 18. dxe6 Bxe6 19. h5 gxh5 20. Rxh5 Rg8 21. Nd5 Qd7 22. Qd3 c6 23. Nc7 Qxc7 24. Nxe6 Qa5+ 25. Kf1 Qxa4 26. b3 Qb5 27. Qxf5 Nh6 28. Ng5 Qxe2+ 29. Bxe2 1-0

[Event "Neuhausen op"]
[Site "Neuhausen"]
[Date "2007.06.10"]
[Round "?"]
[White "Kabisch, Thilo"]
[Black "Klaric, Zoran"]
[Result "0-1"]
[WhiteElo "2243"]
[BlackElo "2081"]
[PlyCount "74"]
[EventDate "2007.06.06"]
[EventType "swiss"]
[EventRounds "9"]
[EventCountry "GER"]
[SourceTitle "CBM 119 Extra"]
[Source "ChessBase"]
[SourceDate "2007.09.04"]
[SourceVersion "1"]
[SourceVersionDate "2007.09.04"]
[SourceQuality "1"]

1. e4 e6 2. d4 d5 3. e5 c5 4. c3 Nc6 5. Nf3 Qb6 6. a3 c4 7. h4 Na5 8. Nbd2 Bd7 9. g3 Qb5 10. b4 Nc6 11. Qc2 Qb6 12. a4 Nh6 13. Bh3 Rc8 14. Kf1 Nf5 15. Kg2 Nfxd4 16. Nxd4 Nxd4 17. cxd4 Qxd4 18. Rb1 Qxe5 19. Nf3 Qe4 20. Qa2 c3 21. Re1 Qc4 22. Qc2 Bd6 23. Ng5 d4 24. Bf5 Kf8 25. Bxh7 f5 26. Rd1 Bc6+ 27. f3 Bd5 28. Bxf5 d3 29. Bxd3 Qg4 30. Bf4 Bxf4 31. Nxe6+ Kg8 32. Nxf4 Qxf3+ 33. Kh3 g5 34. Ng6 gxh4 35. Ne7+ Kf8 36. Rf1 Be6+ 37. Kh2 hxg3+ 0-1

[Event "Stuttgart-chA int"]
[Site "Gerlingen"]
[Date "2007.05.17"]
[Round "2"]
[White "Klaric, Zoran"]
[Black "Schaefer, Alexander"]
[Result "1-0"]
[WhiteElo "2133"]
[BlackElo "1996"]
[PlyCount "63"]
[EventDate "2007.05.17"]
[EventType "swiss"]
[EventRounds "7"]
[EventCountry "GER"]
[SourceTitle "EXT 2018"]
[Source "ChessBase"]
[SourceDate "2017.10.13"]
[SourceVersion "1"]
[SourceVersionDate "2017.10.13"]
[SourceQuality "1"]

1. d4 Nf6 2. Nf3 e6 3. c4 b6 4. g3 Ba6 5. b3 d5 6. Bg2 Bb4+ 7. Bd2 Bxd2+ 8. Qxd2 0-0 9. Nc3 Nbd7 10. cxd5 Nxd5 11. Rc1 N7f6 12. Ne5 Bb7 13. 0-0 Rb8 14. Nb5 a6 15. Na7 Ra8 16. Nac6 Qd6 17. Rfd1 Nd7 18. Qb2 f6 19. e4 Ne7 20. Nxe7+ Qxe7 21. Rxc7 fxe5 22. Rxb7 Qd6 23. Rc1 Rac8 24. d5 Nc5 25. Bh3 Nd3 26. Rxc8 Nxb2 27. Bxe6+ Kh8 28. Rxf8+ Qxf8 29. Rc7 g6 30. Rc8 Kg7 31. Rxf8 Kxf8 32. Bc8 1-0

[Event "Boeblingen op 23rd"]
[Site "Boeblingen"]
[Date "2006.12.27"]
[Round "2"]
[White "Klaric, Zoran"]
[Black "Hammes, Michael"]
[Result "1/2-1/2"]
[WhiteElo "2081"]
[BlackElo "2361"]
[PlyCount "108"]
[EventDate "2006.12.26"]
[EventType "swiss"]
[EventRounds "9"]
[EventCountry "GER"]
[SourceTitle "CBM 116 Extra"]
[Source "ChessBase"]
[SourceDate "2007.03.07"]
[SourceVersion "1"]
[SourceVersionDate "2007.03.07"]
[SourceQuality "1"]

1. d4 e6 2. c4 Nf6 3. Nf3 d5 4. Nc3 Nbd7 5. c5 c6 6. Bf4 Nh5 7. e3 g6 8. Bd3 Nxf4 9. exf4 Bg7 10. Qa4 Qc7 11. Ne2 f6 12. Rc1 Bh6 13. g3 e5 14. dxe5 fxe5 15. 0-0 0-0 16. Ng5 Bxg5 17. fxg5 e4 18. Bb1 Ne5 19. f4 exf3 20. Nf4 Qe7 21. Qd4 Qxg5 22. Rce1 Ng4 23. Rxf3 Qf6 24. Qxf6 Nxf6 25. Re7 Bd7 26. Rb3 Rae8 27. Re2 Bc8 28. Bd3 g5 29. Rxe8 Rxe8 30. Ne2 Ne4 31. Bxe4 Rxe4 32. Kf2 Kf7 33. Nc1 Kf6 34. Nd3 Re7 35. Rb4 Bf5 36. Nc1 Ke5 37. Ne2 Be4 38. Ke3 h5 39. a4 a5 40. Rb6 Bc2 41. Nd4 Bd1 42. b4 axb4 43. a5 Kf6+ 44. Kd2 Bg4 45. Rxb4 Bc8 46. Rb6 Re4 47. Nb5 Rc4 48. Nd6 Rxc5 49. Nxc8 Rxa5 50. Rxb7 Ra2+ 51. Ke3 Rxh2 52. Rc7 Rc2 53. Ne7 Rc3+ 54. Kf2 Rc2+ 1/2-1/2

[Event "Boeblingen op 22nd"]
[Site "Boeblingen"]
[Date "2005.12.30"]
[Round "9"]
[White "Klaric, Zoran"]
[Black "Wartlick, Karl"]
[Result "0-1"]
[WhiteElo "2091"]
[BlackElo "2216"]
[PlyCount "84"]
[EventDate "2005.12.26"]
[EventType "swiss"]
[EventRounds "9"]
[EventCountry "GER"]
[SourceTitle "CBM 110 Extra"]
[Source "ChessBase"]
[SourceDate "2006.03.10"]
[SourceVersion "2"]
[SourceVersionDate "2006.03.10"]
[SourceQuality "1"]

1. d4 e6 2. Nf3 Nf6 3. c4 b6 4. g3 Bb7 5. Bg2 Be7 6. 0-0 0-0 7. Nc3 Ne4 8. Bd2 d5 9. cxd5 exd5 10. Ne5 f6 11. Nd3 f5 12. Rc1 a6 13. Bf4 Bd6 14. f3 Nf6 15. Qb3 Kh8 16. Rfd1 Qe7 17. Bh3 Nc6 18. Bxd6 Qxd6 19. e3 Rae8 20. Re1 g6 21. Qc2 Rf7 22. a3 Rfe7 23. Qf2 Na5 24. Ne5 c5 25. f4 cxd4 26. exd4 Ne4 27. Qe3 b5 28. Nxe4 fxe4 29. Rc5 Nc4 30. Qc1 g5 31. b3 gxf4 32. gxf4 Qh6 33. Bg2 Nxe5 34. fxe5 Qh4 35. Rf1 Rg8 36. Qf4 Qxf4 37. Rxf4 Reg7 38. Rc2 Bc8 39. Kf1 Rxg2 40. Rxg2 Bh3 41. Rff2 e3 42. Re2 Rxg2 0-1

[Event "Dresden ZMD op"]
[Site "Dresden"]
[Date "2005.07.25"]
[Round "3"]
[White "Klaric, Zoran"]
[Black "Heck, Norbert"]
[Result "0-1"]
[WhiteElo "2080"]
[BlackElo "2297"]
[PlyCount "68"]
[EventDate "2005.07.23"]
[EventType "swiss"]
[EventRounds "9"]
[EventCountry "GER"]
[SourceTitle "EXT 2006"]
[Source "ChessBase"]
[SourceDate "2005.11.24"]
[SourceVersion "1"]
[SourceVersionDate "2005.11.24"]
[SourceQuality "1"]

1. d4 Nf6 2. Nf3 g6 3. c4 Bg7 4. g3 0-0 5. Bg2 d6 6. 0-0 Nc6 7. Nc3 e5 8. d5 Ne7 9. e4 Nd7 10. Ne1 f5 11. Nd3 Nf6 12. exf5 gxf5 13. f4 Ng6 14. Bh3 Ne4 15. Ne2 c6 16. Qb3 Kh8 17. Be3 Qa5 18. Rad1 cxd5 19. cxd5 Rb8 20. Nf2 Nxf2 21. Rxf2 Bd7 22. fxe5 dxe5 23. Rc1 f4 24. Bxd7 fxe3 25. Rff1 Qd2 26. Bg4 e4 27. Rfd1 Qxb2 28. Qxe3 Ne5 29. Qxe4 Rbe8 30. Be6 Qb6+ 31. Kh1 Rf2 32. Rc8 Rxc8 33. Bxc8 Qh6 34. h3 Nf3 0-1

[Event "Oberliga Wuerttemberg 0304"]
[Site "Wuerttemberg"]
[Date "2004.02.08"]
[Round "6.5"]
[White "Klaric, Zoran"]
[Black "Birk, Steffen"]
[Result "1/2-1/2"]
[WhiteElo "2083"]
[BlackElo "2275"]
[PlyCount "99"]
[EventDate "2003.09.28"]
[EventType "team"]
[EventRounds "9"]
[EventCountry "GER"]
[SourceTitle "EXT 2006"]
[Source "ChessBase"]
[SourceDate "2005.11.24"]
[SourceVersion "1"]
[SourceVersionDate "2005.11.24"]
[SourceQuality "1"]
[WhiteTeam "Sindelfingen"]
[BlackTeam "Schmiden Cannstatt"]
[WhiteTeamCountry "GER"]
[BlackTeamCountry "GER"]

1. d4 d5 2. c4 e6 3. Nc3 Nf6 4. Nf3 Nbd7 5. Bf4 dxc4 6. e3 Nd5 7. Bxc4 Nxf4 8. exf4 Nb6 9. Bb3 Bd6 10. Ne5 c6 11. Qf3 0-0 12. 0-0 Nd5 13. Ne4 Bc7 14. Rac1 f6 15. Nd3 Kh8 16. Rc2 e5 17. f5 exd4 18. Rd1 Ne7 19. Ndc5 Bxf5 20. Nxb7 Qb8 21. Nbc5 Bxh2+ 22. Kh1 Be5 23. Ne6 Bxe6 24. Bxe6 Qe8 25. Nc5 Qg6 26. Rc4 Qh6+ 27. Kg1 f5 28. Re1 Qh2+ 29. Kf1 Ng6 30. Nd7 Rfe8 31. Rxc6 d3 32. g3 Qh3+ 33. Qg2 Qxg2+ 34. Kxg2 Bxb2 35. Rd1 f4 36. Rxd3 fxg3 37. fxg3 Ne5 38. Nxe5 Bxe5 39. Rd5 Bf6 40. Ra6 Rab8 41. Rd7 Rb6 42. Rdxa7 Rxa6 43. Rxa6 Bd4 44. Kf3 g6 45. Ke4 Bf2 46. g4 Kg7 47. Kd5 h5 48. gxh5 gxh5 49. Ra4 Rb8 50. Rf4 1/2-1/2

[Event "Oberliga Wuerttemberg 0304"]
[Site "Wuerttemberg"]
[Date "2003.12.07"]
[Round "4.5"]
[White "Klaric, Zoran"]
[Black "Braeuning, Rudolf Wilhelm"]
[Result "1/2-1/2"]
[WhiteElo "2083"]
[BlackElo "2288"]
[PlyCount "130"]
[EventDate "2003.09.28"]
[EventType "team"]
[EventRounds "9"]
[EventCountry "GER"]
[SourceTitle "EXT 2006"]
[Source "ChessBase"]
[SourceDate "2005.11.24"]
[SourceVersion "1"]
[SourceVersionDate "2005.11.24"]
[SourceQuality "1"]
[WhiteTeam "Sindelfingen"]
[BlackTeam "Bebenhausen"]
[WhiteTeamCountry "GER"]
[BlackTeamCountry "GER"]

1. d4 Nf6 2. Nf3 d5 3. c4 e6 4. Nc3 c6 5. e3 Nbd7 6. Bd3 Bd6 7. e4 dxe4 8. Nxe4 Nxe4 9. Bxe4 Bb4+ 10. Bd2 Bxd2+ 11. Qxd2 c5 12. dxc5 Nxc5 13. Qxd8+ Kxd8 14. 0-0-0+ Ke7 15. Bc2 a5 16. Nd4 Bd7 17. Rhe1 g6 18. Re3 Rhc8 19. b3 Rab8 20. a4 Rd8 21. g4 Be8 22. f4 Rd6 23. Nf3 Rxd1+ 24. Kxd1 Bc6 25. Kd2 Rd8+ 26. Kc3 f6 27. Nd4 Bg2 28. Ne2 Kf7 29. h4 b6 30. Ng3 f5 31. g5 Na6 32. Rd3 Rxd3+ 33. Bxd3 Nb4 34. Bb1 e5 35. fxe5 Ke6 36. h5 Kxe5 37. h6 Be4 38. Bxe4 fxe4 39. Nh5 Kf5 40. Nf6 Kxg5 41. Nxh7+ Kxh6 42. Nf6 Kg5 43. Nxe4+ Kf4 44. Kd4 Na6 45. Nf6 g5 46. Nh7 Nc5 47. Nxg5 Kxg5 48. Kd5 Nxb3 49. Kc6 Kf6 50. Kxb6 Ke7 51. c5 Kd8 52. Kb5 Kc7 53. Kc4 Nc1 54. Kb5 Nd3 55. Kxa5 Kc6 56. Ka6 Nxc5+ 57. Ka5 Nd3 58. Ka6 Nb4+ 59. Ka5 Nd5 60. Ka6 Ne7 61. Ka5 Nd5 62. Ka6 Nb6 63. Ka5 Kc5 64. Ka6 Kc6 65. Ka5 Nd5 1/2-1/2

[Event "Oberliga Wuerttemberg 0304"]
[Site "Wuerttemberg"]
[Date "2003.11.16"]
[Round "3.6"]
[White "Klaric, Zoran"]
[Black "Lang, Marc"]
[Result "1/2-1/2"]
[WhiteElo "2083"]
[BlackElo "2299"]
[PlyCount "34"]
[EventDate "2003.09.28"]
[EventType "team"]
[EventRounds "9"]
[EventCountry "GER"]
[SourceTitle "EXT 2006"]
[Source "ChessBase"]
[SourceDate "2005.11.24"]
[SourceVersion "1"]
[SourceVersionDate "2005.11.24"]
[SourceQuality "1"]
[WhiteTeam "Sindelfingen"]
[BlackTeam "Ditzingen"]
[WhiteTeamCountry "GER"]
[BlackTeamCountry "GER"]

1. d4 Nf6 2. Nf3 g6 3. c4 Bg7 4. g3 0-0 5. Bg2 d5 6. cxd5 Nxd5 7. 0-0 Nb6 8. Nc3 Nc6 9. e3 Re8 10. Ne1 e5 11. d5 Na5 12. e4 c6 13. Nc2 cxd5 14. exd5 Nac4 15. Re1 f5 16. a4 e4 17. Na3 Nxa3 1/2-1/2